[Event "C.to Regionale Veneto"]
[Site "Arqua' Petrarca ITA"]
[Date "2006.05.06"]
[Round "1"]
[White "Zanirato, Stefano"]
[Black "Santacaterina, Pietro"]
[Result "1/2-1/2"]
[WhiteElo "1979"]
[BlackElo "1598"]
[PlyCount "156"]
[EventDate "2006.05.06"]

1. Nf3 d5 2. d3 Nf6 3. c3 Nc6 4. Qc2 e5 5. e4 dxe4 6. dxe4 Bd6 7. Be2 O-O 8.
O-O h6 9. a4 Be6 10. b4 a6 11. Bb2 Qe7 12. Nbd2 b6 13. Nc4 Bg4 14. Ne3 Be6 15.
Bc4 Bxc4 16. Nxc4 Qe6 17. Ne3 a5 18. b5 Ne7 19. c4 c6 20. bxc6 Nxc6 21. Nd5 Nb4
22. Qe2 Rab8 23. Nxb4 axb4 24. a5 bxa5 25. Rxa5 Rfc8 26. Rc1 Nd7 27. Rd5 Rc6
28. Rcd1 Rd8 29. h3 f6 30. Nh4 Bc7 31. Nf5 Qf7 32. Qg4 Kf8 33. Nxh6 gxh6 34.
Rxd7 Rxd7 35. Rxd7 Qg8 36. Qh5 Qe6 37. Qxh6+ Ke8 38. Rg7 Bd6 39. Qg6+ Kd8 40.
Rh7 Rxc4 41. Qg7 Be7 42. Qg3 Kc7 43. Qd3 Rc6 44. Kh2 Qd6 45. Qe3 Kd7 46. Rh8
Qc5 47. Qf3 Qc2 48. Qf5+ Kd6 49. Bxe5+ fxe5 50. Rh6+ Kc7 51. Rh7 Qc5 52. Rh8
Kb7 53. Qd7+ Rc7 54. Qg4 Qc6 55. Qg8 Kb6 56. Qa2 Qxe4 57. Ra8 Qc4 58. Rb8+ Kc5
59. Qa5+ Kd4 60. Qb6+ Qc5 61. Qh6 Bd6 62. Qd2+ Kc4 63. Qa2+ Kd4 64. Qd2+ Kc4
65. Qa2+ Kc3 66. g3 Qc4 67. Qa1+ Kc2 68. Qe1 b3 69. h4 Qd3 70. h5 Qf3 71. h6
Qh5+ 72. Kg2 Qxh6 73. Qe2+ Qd2 74. Qxd2+ Kxd2 75. Rxb3 Bc5 76. Rf3 e4 77. Rf5
e3 78. fxe3 Bxe3 1/2-1/2

[Event "C.to Regionale Veneto"]
[Site "Arqua' Petrarca ITA"]
[Date "2006.05.07"]
[Round "2"]
[White "Andolfatto, Biagio"]
[Black "Sanavio, Giancarlo"]
[Result "1-0"]
[WhiteElo "1684"]
[BlackElo "1808"]
[PlyCount "53"]
[EventDate "2006.05.06"]

1. c4 e5 2. Nc3 Nc6 3. a3 Nf6 4. d3 a5 5. g3 Bc5 6. e3 d5 7. cxd5 Nxd5 8. Bg2
Be6 9. Nge2 O-O 10. O-O f5 11. Qc2 Bb6 12. Na4 Ba7 13. Nc5 Bxc5 14. Qxc5 Qd6
15. Qxd6 cxd6 16. Bd2 Nde7 17. Nc3 d5 18. Nb5 Rfd8 19. Nc7 Bf7 20. Nxa8 Rxa8
21. b4 a4 22. Rac1 b5 23. Rc5 Rb8 24. Rfc1 Rb6 25. f4 Kf8 26. Bf1 Ke8 27. d4
1-0

[Event "C.to Regionale Veneto"]
[Site "Arqua' Petrarca ITA"]
[Date "2006.05.07"]
[Round "2"]
[White "Bellini, Luca"]
[Black "Fabrello, Alessandro"]
[Result "1-0"]
[WhiteElo "1715"]
[BlackElo "1560"]
[PlyCount "109"]
[EventDate "2006.05.06"]

1. d4 d5 2. Nf3 Bf5 3. Bf4 e6 4. e3 c6 5. Nbd2 Nf6 6. Bd3 Bg4 7. O-O Be7 8. c4
Nbd7 9. cxd5 exd5 10. Qb3 Qb6 11. Ne5 Nxe5 12. dxe5 Nh5 13. h3 Bxh3 14. Qxb6
axb6 15. gxh3 Nxf4 16. exf4 Ra4 17. Nf3 Rxf4 18. Kg2 Ra4 19. Rfe1 g6 20. a3 Rf8
21. b4 Ra7 22. Nd4 Kd7 23. f4 f5 24. h4 Raa8 25. h5 Rg8 26. hxg6 hxg6 27. Rh1
Rh8 28. Rxh8 Rxh8 29. Rh1 Rxh1 30. Kxh1 Bh4 31. Kg2 Be1 32. Kf3 Bc3 33. Nc2 c5
34. Bb5+ Ke7 35. Ne3 Ke6 36. Be8 g5 37. fxg5 Bxe5 38. g6 cxb4 39. Bf7+ Kd6 40.
axb4 Ke7 41. Nxd5+ Kf8 42. Nxb6 Bd6 43. Nd5 b5 44. Ke3 Kg7 45. Be8 Bb8 46. Kd4
Bd6 47. Bf7 f4 48. Ke4 Kh6 49. Kf5 Bf8 50. Be8 f3 51. Bxb5 f2 52. Bd3 Bg7 53.
b5 Bd4 54. b6 Bc5 55. Kf6 1-0

[Event "C.to Regionale Veneto"]
[Site "Arqua' Petrarca ITA"]
[Date "2006.05.07"]
[Round "2"]
[White "Cacco, Christian"]
[Black "Quaranta, Cristiano"]
[Result "1/2-1/2"]
[WhiteElo "2322"]
[BlackElo "2083"]
[PlyCount "43"]
[EventDate "2006.05.06"]

1. d4 Nf6 2. c4 e6 3. Nf3 d5 4. Bg5 Be7 5. e3 O-O 6. Nc3 h6 7. Bh4 b6 8. cxd5
Nxd5 9. Bxe7 Qxe7 10. Nxd5 exd5 11. Rc1 Be6 12. Be2 c5 13. dxc5 bxc5 14. O-O
Rc8 15. Qa4 Qb7 16. b3 Qb6 17. Nd4 Bd7 18. Bb5 cxd4 19. Bxd7 Rxc1 20. Rxc1 Nxd7
21. Qxd7 dxe3 22. Rc8+ 1/2-1/2

[Event "C.to Regionale Veneto"]
[Site "Arqua' Petrarca ITA"]
[Date "2006.05.07"]
[Round "2"]
[White "Caruso, Augusto"]
[Black "Guclu, Yaman"]
[Result "1-0"]
[WhiteElo "2274"]
[BlackElo "2027"]
[PlyCount "113"]
[EventDate "2006.05.06"]

1. Nc3 d5 2. d4 Nf6 3. Bg5 c5 4. Nf3 Nc6 5. e3 e6 6. Be2 Be7 7. O-O O-O 8. h3
a6 9. a3 Ne4 10. Bf4 Bd6 11. Bxd6 Nxc3 12. bxc3 Qxd6 13. c4 dxc4 14. Bxc4 b5
15. Bd3 h6 16. c3 Bb7 17. Qe2 e5 18. Rfd1 exd4 19. cxd4 c4 20. Bc2 Rfe8 21. e4
Na5 22. d5 Qc5 23. Nd4 Bxd5 24. Nf5 Be6 25. Nd6 Red8 26. e5 Nc6 27. Qe4 g6 28.
Re1 Qd5 29. Rad1 Qc5 30. Qf4 Ra7 31. Qxh6 Nxe5 32. Ne4 Qe7 33. Rxd8+ Qxd8 34.
Ng5 Qf6 35. f4 Nc6 36. f5 Qc3 37. Rf1 Qe3+ 38. Kh1 Qe2 39. Rf3 Qe1+ 40. Kh2
Qe5+ 41. Kg1 Qe1+ 42. Rf1 Qe3+ 43. Kh1 Qe2 44. Rg1 Bxf5 45. Bxf5 gxf5 46. Qxc6
Qe7 47. Nf3 Qxa3 48. Re1 Re7 49. Rd1 Re6 50. Qc8+ Kg7 51. Ng5 Re7 52. Qxf5 Qg3
53. Qh7+ Kf6 54. Qh6+ Kf5 55. Rf1+ Ke5 56. Qf6+ Kd5 57. Qxe7 1-0

[Event "C.to Regionale Veneto"]
[Site "Arqua' Petrarca ITA"]
[Date "2006.05.07"]
[Round "2"]
[White "Colpo, Raffaele"]
[Black "Panciera, Fabio"]
[Result "1-0"]
[WhiteElo "1645"]
[BlackElo "1757"]
[PlyCount "71"]
[EventDate "2006.05.06"]

1. e4 c6 2. d4 d5 3. exd5 cxd5 4. c4 Nf6 5. Nc3 Nc6 6. Nf3 Bg4 7. Be2 e6 8. Be3
Be7 9. c5 O-O 10. h3 Bh5 11. g4 Bg6 12. Nh4 Be4 13. Nxe4 Nxe4 14. Ng2 Qa5+ 15.
Kf1 Bf6 16. a3 Qd8 17. b4 Nc3 18. Qd2 Nxe2 19. Kxe2 e5 20. dxe5 Bxe5 21. Rad1
d4 22. Bf4 Qe7 23. Kf3 Rad8 24. Rhe1 Bxf4 25. Qxf4 Qd7 26. Ne3 Ne7 27. Rd3 f5
28. Kg3 fxg4 29. Qxg4 Qc7+ 30. Kg2 Qc6+ 31. Kg1 dxe3 32. Qc4+ Kh8 33. Rdxe3 Nf5
34. Re4 Rde8 35. Qf7 Ne7 36. Rxe7 1-0

[Event "C.to Regionale Veneto"]
[Site "Arqua' Petrarca ITA"]
[Date "2006.05.07"]
[Round "2"]
[White "Colusso, Enrico"]
[Black "Alessi, Giovanni"]
[Result "1/2-1/2"]
[WhiteElo "1733"]
[BlackElo "1640"]
[PlyCount "147"]
[EventDate "2006.05.06"]

1. e4 e5 2. Nf3 d5 3. exd5 e4 4. Nd4 Qxd5 5. Ne2 Bc5 6. Nbc3 Qf5 7. d4 exd3 8.
Qxd3 Qxf2+ 9. Kd1 Nf6 10. Ne4 Nxe4 11. Qxe4+ Be6 12. Nf4 Qd4+ 13. Qxd4 Bxd4 14.
Nxe6 fxe6 15. c3 Bf6 16. Bc4 e5 17. Re1 Nd7 18. Kc2 O-O-O 19. Be3 Kb8 20. Rad1
Nb6 21. Rxd8+ Rxd8 22. Be2 Nd5 23. Bf2 Nf4 24. Bf1 a6 25. Rd1 Re8 26. g3 Ne6
27. Bg2 h6 28. Kd3 Ng5 29. Ke3 Nf7 30. Ke4 Nd6+ 31. Kd5 c6+ 32. Kc5 Kc7 33. Kb4
b6 34. Bxb6+ Kxb6 35. Rxd6 e4 36. Rd1 Re5 37. Rd2 a5+ 38. Kb3 Kc5 39. Kc2 a4
40. Re2 e3 41. Kd3 Bg5 42. h4 Bxh4 43. gxh4 Rh5 44. Kxe3 Rxh4 45. Kf3 Rh5 46.
Kg4 Rg5+ 47. Kf4 Kd6 48. b3 Rc5 49. c4 a3 50. Re8 Rg5 51. Bf3 Rg1 52. Ra8 g5+
53. Ke3 g4 54. Bxg4 Rxg4 55. Rxa3 h5 56. Ra5 c5 57. Ra6+ Ke5 58. Rh6 Rg3+ 59.
Kf2 Rg5 60. a4 Kd4 61. a5 Kc3 62. Rb6 h4 63. a6 h3 64. a7 Rg2+ 65. Kf1 Ra2 66.
Rh6 Kxb3 67. Rxh3+ Kxc4 68. Rh7 Kd3 69. Rh3+ Kc4 70. Rh7 Kd4 71. Rh4+ Ke3 72.
Rh3+ Kf4 73. Rc3 Rxa7 74. Rxc5 1/2-1/2

[Event "C.to Regionale Veneto"]
[Site "Arqua' Petrarca ITA"]
[Date "2006.05.07"]
[Round "2"]
[White "Danieli, Enrico"]
[Black "Zangrando, Gianpietro"]
[Result "1-0"]
[WhiteElo "2143"]
[BlackElo "1939"]
[PlyCount "31"]
[EventDate "2006.05.06"]

1. d4 e6 2. Nf3 b6 3. c4 Bb7 4. e3 Nf6 5. Nc3 Bb4 6. Bd3 Nc6 7. O-O O-O 8. e4
Bxc3 9. bxc3 Ne7 10. e5 Ne8 11. Bxh7+ Kxh7 12. Ng5+ Kg8 13. Qh5 Be4 14. Nxe4 g6
15. Qh3 Nf5 16. Ng5 1-0

[Event "C.to Regionale Veneto"]
[Site "Arqua' Petrarca ITA"]
[Date "2006.05.07"]
[Round "2"]
[White "Fracasso Pezzolato, Michele"]
[Black "Vianello, Enrico"]
[Result "0-1"]
[WhiteElo "1945"]
[BlackElo "2094"]
[PlyCount "60"]
[EventDate "2006.05.06"]

1. e4 c5 2. Nc3 Nc6 3. f4 e6 4. Nf3 Nge7 5. d3 g6 6. g3 Bg7 7. Bg2 Rb8 8. Rb1
b5 9. Be3 Nd4 10. Ne2 Qa5+ 11. c3 Nxe2 12. Qxe2 d6 13. O-O O-O 14. d4 b4 15. c4
d5 16. Ne5 cxd4 17. Bxd4 dxc4 18. Rfd1 Ba6 19. Nd7 Bxd4+ 20. Rxd4 Rfd8 21. Rbd1
Rbc8 22. e5 Kg7 23. Be4 Nd5 24. Bxd5 Rxd7 25. Qg4 Rxd5 26. Rxd5 exd5 27. e6
Qc5+ 28. Kg2 d4 29. exf7 Bb7+ 30. Kf1 Qd5 0-1

[Event "C.to Regionale Veneto"]
[Site "Arqua' Petrarca ITA"]
[Date "2006.05.07"]
[Round "2"]
[White "Gallo, Enrico"]
[Black "Tegani, Andrea"]
[Result "1-0"]
[WhiteElo "2096"]
[BlackElo "1398"]
[PlyCount "35"]
[EventDate "2006.05.06"]

1. e4 d6 2. d4 Nf6 3. Nc3 c6 4. f4 Qa5 5. Bd2 e5 6. dxe5 dxe5 7. f5 Be7 8. Qf3
Nbd7 9. g4 h6 10. Nge2 O-O 11. h4 Nh7 12. g5 hxg5 13. Nd5 Qd8 14. Nxe7+ Qxe7
15. hxg5 Nxg5 16. Qh5 f6 17. Nf4 exf4 18. Bc4+ 1-0

[Event "C.to Regionale Veneto"]
[Site "Arqua' Petrarca ITA"]
[Date "2006.05.07"]
[Round "2"]
[White "Gennari, Leone"]
[Black "Pechy, Alaster"]
[Result "1-0"]
[WhiteElo "2035"]
[BlackElo "2199"]
[PlyCount "165"]
[EventDate "2006.05.06"]

1. d4 Nf6 2. c4 g6 3. Nc3 d5 4. Qb3 dxc4 5. Qxc4 Bg7 6. Bf4 c6 7. e4 O-O 8. Nf3
b5 9. Qb3 Be6 10. Qc2 Nbd7 11. Be2 Nb6 12. b3 b4 13. Nd1 Bg4 14. Be3 Bxf3 15.
Bxf3 e5 16. dxe5 Nfd7 17. Rc1 Nxe5 18. Be2 Qh4 19. O-O Ng4 20. Bxg4 Qxg4 21. f3
Qh4 22. Bc5 Rfd8 23. Bxb4 Bh6 24. Rb1 Rd7 25. Be1 Qd8 26. Nf2 Rc8 27. Rd1 Be3
28. Rxd7 Qxd7 29. Kh1 h5 30. Nd1 Bd4 31. Bc3 Rd8 32. h3 Bxc3 33. Nxc3 Qd3 34.
Rc1 Qe3 35. Rd1 Rxd1+ 36. Nxd1 Qe1+ 37. Kh2 h4 38. Nf2 Nd7 39. Nd3 Qg3+ 40. Kg1
Ne5 41. Kf1 Nxf3 42. gxf3 Qxh3+ 43. Qg2 Qd7 44. Ke2 Qd4 45. Qf2 Qa1 46. Qxa7 h3
47. Nf2 h2 48. Qb8+ Kg7 49. Qxh2 Qxa2+ 50. Ke3 Qxb3+ 51. Nd3 Qb6+ 52. Ke2 Qa7
53. Qe5+ Kh7 54. Qc5 Qa2+ 55. Ke3 Qa1 56. Qxc6 Qg1+ 57. Ke2 Qh2+ 58. Nf2 Qe5
59. Qb7 Kg7 60. Ng4 Qc3 61. Ne3 Qe5 62. Qd5 Qh2+ 63. Kd3 Qh1 64. e5 Qb1+ 65.
Kd4 Qb6+ 66. Ke4 Qb4+ 67. Qd4 Qb1+ 68. Kf4 Qb8 69. Nd5 Kh6 70. Nf6 Qc8 71. Kg3
Qc6 72. Qh4+ Kg7 73. Ng4 Qc1 74. Qf6+ Kg8 75. Qd8+ Kg7 76. Qd4 Qe1+ 77. Kf4
Qc1+ 78. Qe3 g5+ 79. Kxg5 Qc2 80. Kh4 Qh7+ 81. Kg3 Qh1 82. Qg5+ Kh8 83. Qh4+
1-0

[Event "C.to Regionale Veneto"]
[Site "Arqua' Petrarca ITA"]
[Date "2006.05.07"]
[Round "2"]
[White "Mileto, Gabriele"]
[Black "Casciello, Dimitri"]
[Result "1/2-1/2"]
[WhiteElo "2182"]
[BlackElo "2010"]
[PlyCount "75"]
[EventDate "2006.05.06"]

1. d4 Nf6 2. c4 g6 3. Nc3 Bg7 4. e4 d6 5. Be2 O-O 6. Nf3 e5 7. O-O Nc6 8. d5
Ne7 9. b4 Nh5 10. Re1 f5 11. Ng5 Nf6 12. Bf3 c6 13. b5 h6 14. Ne6 Bxe6 15. dxe6
Nxe4 16. Nxe4 fxe4 17. Bxe4 d5 18. cxd5 cxd5 19. Ba3 dxe4 20. Qxd8 Rfxd8 21.
Bxe7 Re8 22. Bc5 Rxe6 23. Red1 Bf8 24. Be3 Rc8 25. Rd7 Re7 26. Rad1 Rc2 27.
Rxe7 Bxe7 28. Kf1 Rxa2 29. Rd7 Bb4 30. g4 b6 31. Bxh6 Bc5 32. Rg7+ Kh8 33. Rf7
e3 34. Bxe3 Bxe3 35. fxe3 Rxh2 36. Rxa7 Rb2 37. Rb7 Rxb5 38. Kf2 1/2-1/2

[Event "C.to Regionale Veneto"]
[Site "Arqua' Petrarca ITA"]
[Date "2006.05.07"]
[Round "2"]
[White "Pomaro, Alberto"]
[Black "Bonafede, Alessandro"]
[Result "1-0"]
[WhiteElo "2011"]
[BlackElo "2161"]
[PlyCount "119"]
[EventDate "2006.05.06"]

1. d4 f5 2. g3 Nf6 3. Bg2 g6 4. Nf3 Bg7 5. c4 d6 6. O-O O-O 7. d5 Qe8 8. Nd4 a5
9. Nc3 Na6 10. b3 h6 11. Bb2 g5 12. Qd2 f4 13. Ne4 Ng4 14. Nf3 Qg6 15. Bxg7
Qxg7 16. h3 Ne5 17. Nxe5 Qxe5 18. Qc3 Qxc3 19. Nxc3 Bd7 20. Kh2 Nc5 21. Ne4 b6
22. Nd2 Rf6 23. Nf3 Raf8 24. Nd4 h5 25. Bf3 g4 26. Bg2 f3 27. exf3 gxf3 28. Bh1
e5 29. dxe6 Nxe6 30. Nxe6 Bxe6 31. Rfe1 Bd7 32. Re7 R8f7 33. Rae1 Bc6 34. R7e3
b5 35. Rd1 Rf5 36. g4 hxg4 37. hxg4 Rf4 38. Kg3 bxc4 39. bxc4 Rxc4 40. Bxf3
Bxf3 41. Rxf3 Rc2 42. a4 Rc4 43. Rxf7 Kxf7 44. Ra1 Kf6 45. f4 d5 46. Kf3 c5 47.
Ra3 Rb4 48. Rd3 Ke6 49. f5+ Kd6 50. g5 c4 51. Re3 d4 52. Re4 Kd5 53. g6 Rb3+
54. Kf4 Rb7 55. f6 c3 56. g7 Rb8 57. f7 c2 58. Re1 d3 59. g8=Q d2 60. f8=Q+ 1-0

[Event "C.to Regionale Veneto"]
[Site "Arqua' Petrarca ITA"]
[Date "2006.05.07"]
[Round "2"]
[White "Pomaro, Stefano"]
[Black "Baldi, Giancarlo"]
[Result "1-0"]
[WhiteElo "1933"]
[BlackElo "1692"]
[PlyCount "55"]
[EventDate "2006.05.06"]

1. e4 e5 2. Nf3 Nc6 3. Nc3 Nf6 4. d4 exd4 5. Nd5 h6 6. Nxd4 Nxd5 7. exd5 Nb8 8.
Be3 a6 9. Bc4 d6 10. Qf3 Be7 11. Qg3 Bf6 12. O-O-O Bg5 13. Rhe1 O-O 14. Nf3
Bxe3+ 15. Rxe3 Re8 16. Rde1 Rxe3 17. Rxe3 Nd7 18. Re4 Nf8 19. h4 Nh7 20. Nd4
Nf6 21. Re1 Nh5 22. Qe3 Bd7 23. g3 Nf6 24. Ne6 Nxd5 25. Bxd5 Bxe6 26. Bxe6 fxe6
27. Qxe6+ Kf8 28. Re4 1-0

[Event "C.to Regionale Veneto"]
[Site "Arqua' Petrarca ITA"]
[Date "2006.05.07"]
[Round "2"]
[White "Quaranta, Gaetano"]
[Black "Dussin, Davide"]
[Result "1/2-1/2"]
[WhiteElo "1619"]
[BlackElo "1718"]
[PlyCount "60"]
[EventDate "2006.05.06"]

1. e4 c6 2. d4 d5 3. e5 Bf5 4. g4 Bd7 5. Nc3 e6 6. Be3 c5 7. dxc5 Nc6 8. f4 Qa5
9. Nf3 Bxc5 10. Bxc5 Qxc5 11. Nb5 Qe3+ 12. Qe2 Qxf4 13. Nc7+ Ke7 14. Nxa8 Nh6
15. Nc7 Nxg4 16. Nb5 a6 17. Nd6 Ngxe5 18. Nxe5 Nxe5 19. Nxb7 Nf3+ 20. Kd1 Qd4+
21. Kc1 Qf4+ 22. Kd1 Qd4+ 23. Qd3 Qxb2 24. Rc1 Ne5 25. Qxa6 Qd4+ 26. Bd3 Qg4+
27. Be2 Qd4+ 28. Ke1 Qh4+ 29. Kd2 Qd4+ 30. Bd3 Qf4+ 1/2-1/2

[Event "C.to Regionale Veneto"]
[Site "Arqua' Petrarca ITA"]
[Date "2006.05.07"]
[Round "2"]
[White "Roberti, Ignazio"]
[Black "Mosconi, Ariel Oscar"]
[Result "0-1"]
[WhiteElo "1946"]
[BlackElo "2122"]
[PlyCount "120"]
[EventDate "2006.05.06"]

1. e4 e5 2. Nf3 Nc6 3. Bb5 f5 4. d3 Nf6 5. Qe2 Be7 6. Bxc6 dxc6 7. Nxe5 O-O 8.
Nc3 a5 9. Bd2 a4 10. a3 Ra5 11. Nd5 Rb5 12. Nxe7+ Qxe7 13. Nf3 fxe4 14. Bb4
Rxb4 15. axb4 Qxb4+ 16. c3 exf3 17. cxb4 fxe2 18. Kxe2 b5 19. Rhc1 Bd7 20. b3
axb3 21. Rab1 Ra8 22. Rxb3 Ra2+ 23. Ke1 Nd5 24. g3 Kf7 25. d4 Ke7 26. h4 Kd6
27. Kf1 Rd2 28. f3 Rxd4 29. Rcb1 Bf5 30. R1b2 Bd3+ 31. Kf2 Bc4 32. Ra3 Rd1 33.
Kg2 c5 34. Ra6+ c6 35. bxc5+ Kxc5 36. Ra7 Ne3+ 37. Kf2 Nf5 38. g4 Rf1+ 39. Kg2
Nxh4+ 40. Kg3 g5 41. Rf2 Rxf2 42. Kxf2 h6 43. Rh7 b4 44. Ke3 b3 45. Kd2 b2 46.
Rb7 Nxf3+ 47. Kc3 Ne5 48. Rxb2 Nxg4 49. Rg2 Be6 50. Re2 Kd6 51. Kd4 c5+ 52. Kc3
h5 53. Rb2 h4 54. Rb6+ Kd5 55. Rb8 h3 56. Rd8+ Ke5 57. Kd2 h2 58. Rh8 Bd5 59.
Re8+ Kf4 60. Re1 Kg3 0-1

[Event "C.to Regionale Veneto"]
[Site "Arqua' Petrarca ITA"]
[Date "2006.05.07"]
[Round "2"]
[White "Rosina, Graziano"]
[Black "Battiston, Gianfranco"]
[Result "0-1"]
[WhiteElo "1772"]
[BlackElo "1652"]
[PlyCount "98"]
[EventDate "2006.05.06"]

1. e4 e5 2. Bc4 Nf6 3. Nc3 a6 4. d3 d6 5. f4 Nc6 6. Nf3 Be7 7. Nd5 h6 8. Nxe7
Qxe7 9. f5 Na5 10. Qe2 c5 11. a3 Nxc4 12. dxc4 Bd7 13. Nd2 b5 14. cxb5 Bxb5 15.
c4 Bc6 16. O-O Qb7 17. Re1 Rb8 18. Qd3 Rd8 19. b3 O-O 20. Bb2 Rfe8 21. Bc3 Qc7
22. b4 Rc8 23. b5 axb5 24. cxb5 Ba8 25. a4 c4 26. Qc2 Qc5+ 27. Kh1 Ng4 28. h3
Nf2+ 29. Kh2 Nd3 30. Rf1 d5 31. exd5 Qxd5 32. Nf3 e4 33. Nd4 e3 34. a5 Nf2 35.
Rg1 Qe5+ 36. g3 Be4 37. Qe2 Bxf5 38. Nxf5 Qxf5 39. g4 Qf4+ 40. Kg2 Ne4 41. Be1
Rcd8 42. Qf3 Qe5 43. Rb1 Nd2 44. Bxd2 exd2 45. a6 Rd3 46. Qxd3 cxd3 47. a7 Qd5+
48. Kg3 Re3+ 49. Kh2 Qf3 0-1

[Event "C.to Regionale Veneto"]
[Site "Arqua' Petrarca ITA"]
[Date "2006.05.07"]
[Round "2"]
[White "Rossato, Armando"]
[Black "Brugnaro, Luca"]
[Result "1-0"]
[WhiteElo "2087"]
[BlackElo "1332"]
[PlyCount "31"]
[EventDate "2006.05.06"]

1. d4 Nf6 2. Nf3 e6 3. e3 b6 4. Bd3 Bb7 5. Nbd2 d6 6. e4 Nbd7 7. O-O Be7 8. Re1
e5 9. c3 Nh5 10. Nxe5 Ndf6 11. Bb5+ c6 12. Bxc6+ Bxc6 13. Nxc6 Qd7 14. Nxe7
Qxe7 15. e5 O-O 16. exf6 1-0

[Event "C.to Regionale Veneto"]
[Site "Arqua' Petrarca ITA"]
[Date "2006.05.07"]
[Round "2"]
[White "Santacaterina, Pietro"]
[Black "Ravagnani, Tiziano"]
[Result "1/2-1/2"]
[WhiteElo "1598"]
[BlackElo "2055"]
[PlyCount "66"]
[EventDate "2006.05.06"]

1. d4 Nf6 2. Bg5 e6 3. c4 Bb4+ 4. Nc3 h6 5. Bh4 c5 6. a3 Bxc3+ 7. bxc3 Qa5 8.
Qd3 cxd4 9. Bxf6 gxf6 10. Qxd4 Nc6 11. Qd2 b6 12. Nf3 Ba6 13. e4 Qc5 14. Rd1
O-O-O 15. Be2 Bxc4 16. O-O d5 17. Qc2 Bxe2 18. Qxe2 Qc4 19. Rd3 b5 20. Nd2 Qa2
21. exd5 Rxd5 22. Rxd5 Qxd5 23. c4 bxc4 24. Nxc4 Rg8 25. Ne3 Qe4 26. Rc1 Rxg2+
27. Kf1 Rxh2 28. Qa6+ Kc7 29. Qxa7+ Kc8 30. Qa8+ Kc7 31. Qa7+ Kc8 32. Qa6+ Kc7
33. Qa7+ Kc8 1/2-1/2

[Event "C.to Regionale Veneto"]
[Site "Arqua' Petrarca ITA"]
[Date "2006.05.07"]
[Round "2"]
[White "Troise, Salvatore"]
[Black "De Marchi, Alessandro"]
[Result "1-0"]
[WhiteElo "1679"]
[BlackElo "1600"]
[PlyCount "54"]
[EventDate "2006.05.06"]

1. e4 c5 2. Nf3 d6 3. d4 cxd4 4. Nxd4 Nf6 5. Nc3 a6 6. Be2 Nc6 7. Be3 e6 8. O-O
Be7 9. f4 Bd7 10. Qe1 Nxd4 11. Bxd4 Bc6 12. Qg3 g6 13. Rad1 O-O 14. Bf3 Qa5 15.
a3 Nh5 16. Qf2 e5 17. Bb6 Bh4 18. g3 Qxb6 19. Qxb6 Bd8 20. Qe3 exf4 21. gxf4
Bc7 22. Bxh5 gxh5 23. Nd5 Bb8 24. Qc3 Ba7+ 25. Kh1 f6 26. Ne7+ Kf7 27. Nxc6
Rfc8 1-0

[Event "C.to Regionale Veneto"]
[Site "Arqua' Petrarca ITA"]
[Date "2006.05.07"]
[Round "2"]
[White "Valentini, Paola"]
[Black "Danese, Aldo"]
[Result "1/2-1/2"]
[WhiteElo "1986"]
[BlackElo "1946"]
[PlyCount "20"]
[EventDate "2006.05.06"]

1. c4 g6 2. Nc3 Bg7 3. g3 c5 4. Bg2 Nf6 5. Nf3 O-O 6. O-O Nc6 7. d3 d6 8. Bg5
Nd7 9. Qc1 Nde5 10. Nxe5 Nxe5 1/2-1/2

[Event "C.to Regionale Veneto"]
[Site "Arqua' Petrarca ITA"]
[Date "2006.05.07"]
[Round "3"]
[White "Alessi, Giovanni"]
[Black "Quaranta, Gaetano"]
[Result "1/2-1/2"]
[WhiteElo "1640"]
[BlackElo "1619"]
[PlyCount "125"]
[EventDate "2006.05.06"]

1. e4 e5 2. Nf3 Nc6 3. d4 exd4 4. Nxd4 Bc5 5. Nxc6 Qf6 6. Qf3 Qxf3 7. gxf3 dxc6
8. Bf4 Bd6 9. e5 Bb4+ 10. c3 Ba5 11. Bd3 Be6 12. O-O O-O-O 13. Be2 Ne7 14. Bg5
Rde8 15. Nd2 h6 16. Be3 Bb6 17. Nc4 Nf5 18. Nxb6+ axb6 19. a4 Bd5 20. c4 Nxe3
21. fxe3 Be6 22. f4 f6 23. f5 Bg8 24. e6 g6 25. e4 gxf5 26. exf5 Bh7 27. Bh5
Re7 28. Bf7 Bg8 29. Bh5 Bh7 30. Bf7 Bg8 31. Bxg8 Rxg8+ 32. Kf2 Rg4 33. Rg1 Rg5
34. Rxg5 hxg5 35. Kf3 Rh7 36. Kg3 Kd8 37. Rd1+ Ke8 38. Rd4 c5 39. Re4 c6 40. h3
Rh5 41. b3 Kd8 42. Rg4 Ke7 43. Re4 Kd8 44. e7+ Ke8 45. Re6 Rh6 46. Re4 Rh7 47.
h4 gxh4+ 48. Rxh4 Rg7+ 49. Kf3 Rxe7 50. Rh8+ Kf7 51. Rh7+ Kf8 52. Rxe7 Kxe7 53.
Kg4 Kf7 54. Kh4 Kf8 55. Kg4 Kf7 56. Kh4 Kg8 57. Kg4 Kh7 58. Kh4 Kg8 59. Kg4 Kf7
60. Kh5 Kg7 61. Kh4 Kf8 62. Kh5 Kg7 63. Kh4 1/2-1/2

[Event "C.to Regionale Veneto"]
[Site "Arqua' Petrarca ITA"]
[Date "2006.05.07"]
[Round "3"]
[White "Bagolin, Renzo"]
[Black "Valentini, Paola"]
[Result "1/2-1/2"]
[WhiteElo "1700"]
[BlackElo "1986"]
[PlyCount "131"]
[EventDate "2006.05.06"]

1. c4 c5 2. Nc3 Nc6 3. g3 g6 4. Bg2 Bg7 5. Nf3 f5 6. d3 Nf6 7. O-O O-O 8. Rb1
b6 9. Ne5 Bb7 10. Nxc6 Bxc6 11. Bxc6 dxc6 12. Qa4 Qd6 13. Bd2 e5 14. b4 cxb4
15. Qxb4 c5 16. Qb3 Qd7 17. Rbd1 Nh5 18. Nd5 f4 19. d4 fxg3 20. fxg3 exd4 21.
Rf3 Rae8 22. Rxf8+ Rxf8 23. Rf1 Rxf1+ 24. Kxf1 Qf5+ 25. Kg1 Qe4 26. Qd3 Qg4 27.
Kg2 Be5 28. Qf3 Qxf3+ 29. Kxf3 Kf7 30. Ke4 Ke6 31. g4 Ng7 32. h3 Ne8 33. Kd3
Nd6 34. a4 Kd7 35. e3 dxe3 36. Bxe3 Kc6 37. Nf4 Kd7 38. Nd5 Ke6 39. Nc7+ Kd7
40. Nb5 a6 41. Nxd6 Kxd6 42. Bd2 Kc6 43. Bc1 b5 44. cxb5+ axb5 45. axb5+ Kxb5
46. Kc2 Kc4 47. h4 Bf6 48. h5 Kd5 49. Kd3 c4+ 50. Ke2 Ke4 51. Kf2 Bh4+ 52. Ke2
gxh5 53. gxh5 Bg3 54. Bd2 Be5 55. Bc1 c3 56. Kf2 Bf4 57. Ba3 c2 58. Ke2 c1=Q
59. Bxc1 Bxc1 60. Kf2 Kf4 61. Kg2 Kg4 62. h6 Bxh6 63. Kh2 Bf4+ 64. Kh1 h5 65.
Kg2 h4 66. Kh1 1/2-1/2

[Event "C.to Regionale Veneto"]
[Site "Arqua' Petrarca ITA"]
[Date "2006.05.07"]
[Round "3"]
[White "Baldi, Giancarlo"]
[Black "Rosina, Graziano"]
[Result "0-1"]
[WhiteElo "1692"]
[BlackElo "1772"]
[PlyCount "88"]
[EventDate "2006.05.06"]

1. Nf3 Nf6 2. d4 d5 3. e3 Bg4 4. Bd3 e6 5. Nbd2 c5 6. c3 Bd6 7. Qe2 Nbd7 8. O-O
Qc7 9. h3 Bh5 10. Qe1 Bg6 11. Qe2 Bxd3 12. Qxd3 O-O 13. e4 dxe4 14. Nxe4 Nxe4
15. Qxe4 Nf6 16. Qc2 cxd4 17. Nxd4 a6 18. Bg5 Nd5 19. Rfe1 Bh2+ 20. Kh1 Bf4 21.
Nf3 h6 22. Bxf4 Nxf4 23. Rad1 Rad8 24. Nd4 Rd5 25. Ne2 Rfd8 26. Nxf4 Qxf4 27.
Kg1 Rd2 28. Rxd2 Rxd2 29. Qe4 Qxf2+ 30. Kh1 Rxb2 31. Rd1 Qb6 32. a4 f5 33. Qe5
Rb1 34. Rxb1 Qxb1+ 35. Kh2 Qb3 36. a5 Qd5 37. Qb8+ Kh7 38. Qc7 Kg6 39. c4 Qe4
40. c5 Qc6 41. Qe5 Kf7 42. Qe3 Qd5 43. Kg3 Kf6 44. c6 bxc6 0-1

[Event "C.to Regionale Veneto"]
[Site "Arqua' Petrarca ITA"]
[Date "2006.05.07"]
[Round "3"]
[White "Battiston, Gianfranco"]
[Black "Roberti, Ignazio"]
[Result "0-1"]
[WhiteElo "1652"]
[BlackElo "1946"]
[PlyCount "72"]
[EventDate "2006.05.06"]

1. e4 c5 2. Nc3 e6 3. Nf3 Nc6 4. d4 cxd4 5. Nxd4 Nf6 6. Nxc6 bxc6 7. Bd3 d5 8.
exd5 exd5 9. O-O Be7 10. Bg5 O-O 11. Re1 Be6 12. Ne2 Bg4 13. h3 Bh5 14. Qc1 Qb6
15. Ng3 Bc5 16. Qf4 Bg6 17. Bxf6 gxf6 18. Qxf6 Bd4 19. Qf4 Rae8 20. Nf5 Bxb2
21. Rab1 Rxe1+ 22. Rxe1 Bc3 23. Qh6 Bf6 24. h4 Qb4 25. Re3 Qd2 26. g4 Qd1+ 27.
Kg2 Rb8 28. g5 Bd4 29. Ne7+ Kh8 30. Nxg6+ fxg6 31. Bxg6 Qg4+ 32. Rg3 Qd7 33.
Rf3 Qg7 34. Bxh7 Qxh6 35. gxh6 Kxh7 36. Rf7+ Kxh6 0-1

[Event "C.to Regionale Veneto"]
[Site "Arqua' Petrarca ITA"]
[Date "2006.05.07"]
[Round "3"]
[White "Bellini, Luca"]
[Black "Solinas, Carlo"]
[Result "0-1"]
[WhiteElo "1715"]
[BlackElo "2068"]
[PlyCount "80"]
[EventDate "2006.05.06"]

1. e4 e5 2. Nf3 Nc6 3. Bb5 f5 4. d3 fxe4 5. dxe4 Nf6 6. O-O d6 7. Nc3 Be7 8. h3
O-O 9. Bc4+ Kh8 10. Ng5 Qe8 11. Nd5 Bd8 12. Nxf6 Bxf6 13. Qd5 Bxg5 14. Bxg5 Qg6
15. Bh4 Bxh3 16. Bg3 Bd7 17. c3 Nd8 18. Qd3 Ne6 19. Bxe5 Bc6 20. Bg3 Bxe4 21.
Qe3 d5 22. Bb3 h5 23. f4 Qf5 24. Rf2 c5 25. Raf1 Rad8 26. Re1 Rfe8 27. Ba4 Rf8
28. c4 Nd4 29. cxd5 Bxd5 30. Bh4 Rd6 31. Qg3 Rg6 32. Bg5 Qf7 33. Bd1 Re6 34.
Rxe6 Bxe6 35. Qh4 g6 36. g4 Kg7 37. gxh5 Nf5 38. hxg6 Qxg6 39. Qh3 Nd4 40. Rg2
Bxh3 0-1